00937nam a2200241 a 450000100100000000500170001000800410002704000250006808200260009310000370011924500520015625000120020826000420022030000360026250400520029859000260035065000490037665000460042565000460047191000370051795201240055499900170067800003350520240302073950.0110330s1974 dr ac 000 0 spa d aDO-SdBNPbspacBNPHU a972.9301bC343t, 19741 aCassá, Roberto, d1948-91088814aLos tainos de La Española /cRoberto Cassá. a2a. ed. aSanto Domingo :bAlfa y Omega,c1974. a272 p. :bil., retrs. ;c23 cm. aBibliografía y notas al final de capítulos. aInventariado, 2020/VM 4aIndígenas de las antillasxHistoria944150 4aTaínosxVida social y costumbres944131 4aTaínosxReligión y mitología944152 aValidado. Control de calidad EMS 0010718PDaPDbPDcHDd2011-08-30iLF1l0o972.9301 C343t, 1974p33505-10r2020-06-25w2020-06-25yLFPDZNo se presta c32996d32996